| 000 | 00775nam a2200241 a 4500 | ||
|---|---|---|---|
| 005 | 20221118063825.0 | ||
| 008 | 030522s1995 mx r 000 0 spa d | ||
| 020 | _a9507010548 | ||
| 035 | _aUPN01000124504 | ||
| 049 | _aCG | ||
| 050 | 4 |
_aLB1139 W7 _bT6.6 1995 |
|
| 100 | 1 | _aTorres, Mirta | |
| 245 | 1 | 0 |
_aQué hay y qué falta en las escrituras alfabéticas de los chicos : _buna experiencia pedagógica en 2do. y 3er. grado / _cMirta Torres, Stella Ulrich. |
| 250 | _a5a ed. | ||
| 260 |
_a[Buenos Aires] : _bAique, _c[1995]. |
||
| 300 |
_a108 p. : _bil. |
||
| 440 | 0 | _aDidáctica | |
| 650 | 4 |
_aNIÑOS - _xESCRITURA _923677 |
|
| 650 | 4 |
_aEscritura _xEstudio y enseñanza (Elemental) _92804 |
|
| 700 | 1 |
_aUlrich, Stella, _ecoaut. |
|
| 905 | _aLibro | ||
| 999 |
_c96683 _d96683 |
||